Harbrace college handbook / (Record no. 12507)
[ view plain ]
| 000 -LEADER | |
|---|---|
| fixed length control field | 00739cam a2200205 a 4500 |
| 020 ## - ISBN | |
| International Standard Book Number | 0155318624 |
| 050 00 - LIBRARY OF CONGRESS CALL NUMBER | |
| Classification Number | PE1112 |
| Item Number | .H6 1990 |
| 245 00 - TITLE | |
| Title | Harbrace college handbook / |
| Statement of responsibility, etc | John C. Hodges, Marry E. Whitten, Winfred B. Horner, Suzanne S. Webb |
| 250 ## - EDITIONSTATEMENT | |
| Edition statement | 11th ed. |
| 260 ## - PUBLICATION, DISTRIBUTION, ETC.(IMPRINT) | |
| Place of publication, distribution, etc | San Diego : |
| Name of publisher, distributor, etc | Harcourt Brace Jovanovich, |
| Date of publication, distribution, etc | c1990. |
| 300 ## - PHYSICAL DESCRIPTION | |
| Extent | xxiii, 576, 24 p. ; |
| 500 ## - GENERALNOTE | |
| General note | Spine title: Hodges' Harbrace college handbook. |
| 500 ## - GENERALNOTE | |
| General note | Rev. ed. of: Harbrace college handbook / John C. Hodges. 10th ed. c1986. |
| 500 ## - GENERALNOTE | |
| General note | Includes index. |
| 650 #0 - SUBJECT--TOPIC | |
| General subdivision | Grammar |
| -- | Handbooks, manuals, etc. |
| 650 #0 - SUBJECT--TOPIC | |
| General subdivision | Rhetoric |
| -- | Handbooks, manuals, etc. |
| 700 1# - ADDED ENTRY--PERSONAL AUTHOR | |
| Personal Name | Hodges, John Cunyus, |
| 700 1# - ADDED ENTRY--PERSONAL AUTHOR | |
| Personal Name | Hodges, John Cunyus, |
| 942 ## - ADDED ENTRY ELEMENTS(KOHA) | |
| Source of classification or shelving scheme | Library of Congress Classification |
| Koha item type | General circulation |
| Source of classification or shelving scheme | Not for loan | Location (home branch) | Sublocation (holding branch) | Shelving location | Date accessioned | Full call number | Barcode | Koha item type |
|---|---|---|---|---|---|---|---|---|
| Library of Congress Classification | Main Campus Library | Main Campus Library | 07/04/2016 | PE1112 .H6 1990 | 2016/014667 | General circulation |